Direito penal do trabalho : (Record no. 243)

MARC details
000 -LÍDER
Campo Fixo de Controle 00700cam a2200241 a 4500
001 - NÚMERO DE CONTROLE
Campo de Controle 243
003 - IDENTIFICAÇÃO DO NÚMERO DE CONTROLE
Campo de Controle BR-CuiBMT
005 - DATA E HORA DA ÚLTIMA ATUALIZAÇÃO
Campo de Controle 20231026203945.0
008 - DADOS FIXOS
Dados Fixos 230906s2010 mgb 000 0 por d
020 ## - INTERNATIONAL STANDARD BOOK NUMBER
Nº do ISBN 9788577003570
040 ## - AGÊNCIA CATALOGADORA
Código da Agência Catalogadora BR-CuiBMT
Agência que transcreveu o registro BR-CuiBMT
080 ## - Nº DA CLASSIFICAÇÃO DECIMAL UNIVERSAL
Nº edição CDU 2007
Nº Class. CDU 331:343.2
090 ## - NÚMERO DE CHAMADA
Nº classificação 331:343.2
Cutter D598
245 00 - TÍTULO PRINCIPAL
Título principal Direito penal do trabalho :
Subtítulo reflexões atuais /
Indicação de responsabilidade Eduardo Milléo Baracat, coordenador.
260 ## - PUBLICAÇÃO, DISTRIBUIÇÃO, ETC.
Local de publicação Belo Horizonte :
Editora Fórum,
Data 2010.
300 ## - DESCRIÇÃO FÍSICA
N. páginas ou volumes 327 p. ;
Dimensões 22 cm
504 ## - NOTA DE BIBLIOGRAFIA, ETC.
Nota de bibliografia Inlcui bibliografia.
650 ## - ASSUNTO TÓPICO
Cabeçalho tópico ou nome geográfico Direito penal
650 ## - ASSUNTO TÓPICO
Cabeçalho tópico ou nome geográfico Direito do trabalho
650 ## - ASSUNTO TÓPICO
Cabeçalho tópico ou nome geográfico Justiça do trabalho
700 1# - ENTRADA SECUNDÁRIA -- NOME PESSOAL
Nome pessoal Baracat, Eduardo Milléo
Cód. do termo explicativo coord.
942 ## - ELEMENTOS DE ENTRADA ADICIONAIS (KOHA)
Fonte de classificação ou esquema de arquivamento Classificação Decimal Universal
Tipo de item do Koha Livros
Holdings
Estado: removido Estado: perdido Fonte de classificação ou esquema de arquivamento Estado: danificado Indisponível para empréstimo Localização permanente Localização atual Data de aquisição Total Checkouts Número de Chamada completo Código de barras Date last seen Número do exemplar Preço efetivo a partir de Tipo de item (Koha)
    Classificação Decimal Universal     Biblioteca da Escola Superior de Contas do TCE/MT Biblioteca da Escola Superior de Contas do TCE/MT 28/06/2023   331:343.2 D598 BIBTCEMT23090021 06/09/2023 Ex. 1 06/09/2023 Livros

Powered by Koha